| 000 | 00947nam a2200265Ia 4500 | ||
|---|---|---|---|
| 008 | 180523s9999 xx 000 0 und d | ||
| 020 | _a978-0-910627-92-4 | ||
| 050 | _aMAIN GT 3405 | ||
| 050 | _b.K55 2006 | ||
| 100 | _aKilkenny, Shannon. | ||
| 245 | 4 | _aThe Complete guide to successful event planning / | |
| 245 | 0 | _cShannon Kilkenny. | |
| 260 | _aFlorida : | ||
| 260 | _bAtlantic Publishing, | ||
| 260 | _c2006 | ||
| 300 | _a312 pages : | ||
| 300 | _billustrations ; | ||
| 300 | _c23 cm. | ||
| 500 | _aIncludes bibliographical references and index. | ||
| 650 | _aMeetings -- Planning -- Handbooks, manuals, etc. | ||
| 650 | _aSpecial events -- Planning -- Handbooks, manuals, etc. | ||
| 650 | _aSpecial events industry -- Vocational guidance -- Handbooks, manuals, etc. | ||
| 650 | _xCongresses and conventions -- Planning -- Handbooks, manulas, etc. | ||
| 650 | _xSpecial events -- Management -- Handbooks, manuals, etc. | ||
| 999 |
_c356701 _d356701 |
||